Chiamatemi Esteban : [racconti] /

Uloženo v:
Podrobná bibliografie
Hlavní autor: Kalamujic, Lejla (Autor)
Další autoři: Mujčić, Elvira (Překladatel)
Médium: Kniha
Jazyk:italština
Vydáno: Roma : Nutrimenti, 2022
Edice:Greenwich ; 135
Tagy: Přidat tag
Žádné tagy, Buďte první, kdo vytvoří štítek k tomuto záznamu!

MARC

LEADER 00000nam a22000007i 4500
001 IT\ICCU\RAV\2144156
003 ItRI
005 20250429103531.0
008 220214s2022 it |||||| ||||| |||||c
020 |a 9788865948705 
040 |b ita  |c Arcigay Queer VdA 
041 7 |a ita  |2 ISO-639-2 
082 |a 891.83936  |2 23 
100 1 |a Kalamujic, Lejla  |0 IT\ICCU\RAVV\700542  |4 aut 
240 1 0 |a Zovite me Esteban  |9 Kalamujic, Lejla 
245 1 0 |a Chiamatemi Esteban :  |b [racconti] /  |c Lejla Kalamujic ; traduzione di Elvira Mujčić. 
260 |a Roma :  |b Nutrimenti,  |c 2022 
300 |a 110 p. ;  |c 23 cm 
700 1 |a Mujčić, Elvira  |0 IT\ICCU\LZ1V\109684  |4 trl 
830 0 |a Greenwich ;  |v 135  |0 IT\ICCU\MOD\1395609 
942 |2 ddc  |c BK 
952 |0 0  |1 0  |2 ddc  |4 0  |6 891_839360000000000_KAL_CHI  |7 1  |9 4030  |a AO  |b AO  |d 2025-04-29  |l 0  |o 891.83936 KAL CHI  |p 11215  |r 2025-04-29 10:36:43  |w 2025-04-29  |x Di proprietà di Giulio Gasperini  |y BK 
981 1 |6 z01  |a i   |b xxxe  
982 1 |6 z01  |a n 
999 |c 3130  |d 3130